|
|
|
|
| LEADER |
01164nam a2200337 a 4500 |
| 001 |
001415415 |
| 003 |
CZ BrMZK |
| 005 |
20200318173315.0 |
| 007 |
ta |
| 008 |
140827s2013 xxua e 001 0 eng |
| 020 |
|
|
|a 978-0-300-20401-8
|q (váz.)
|
| 040 |
|
|
|a BOA001
|b cze
|
| 072 |
|
7 |
|a 741.52
|x Komiksy. Komiksové adaptace
|2 Konspekt
|9 21
|
| 080 |
|
|
|a 741.52
|2 MRF
|
| 080 |
|
|
|a 82.09
|2 MRF
|
| 080 |
|
|
|a (048.8)
|2 MRF
|
| 080 |
|
|
|a (084.11)
|2 MRF
|
| 100 |
1 |
|
|a Gravett, Paul
|7 xx0074870
|4 aut
|
| 245 |
1 |
0 |
|a Comics art /
|c Paul Gravett
|
| 260 |
|
|
|a New Haven :
|b Yale University Press,
|c c2013
|
| 300 |
|
|
|a 144 s. :
|b il. (převážně barev.) ;
|c 28 cm
|
| 504 |
|
|
|a Obsahuje bibliografické odkazy a rejstřík
|
| 648 |
|
7 |
|a 19.-21. století
|7 ch757016
|
| 650 |
0 |
7 |
|a komiks
|7 ph114952
|y 19.-21. století
|2 czenas
|
| 650 |
0 |
7 |
|a literárněvědné rozbory
|7 ph138745
|2 czenas
|
| 655 |
|
7 |
|a monografie
|7 fd132842
|2 czenas
|
| 655 |
|
7 |
|a obrazové publikace
|7 fd132947
|2 czenas
|
| 910 |
|
|
|a BOA001
|b 3-1326.527
|
| 990 |
|
|
|a BK
|
| 991 |
|
|
|b 201409
|c NOV
|e n
|x 99
|
| 996 |
7 |
|
|b 2610601991
|c 3-1326.527
|l Anglická knihovna/2.patro
|r ZHR
|n 15
|p kup
|h FG
|w 001450603
|u 000010
|a 0
|e BOA001
|j MZK50
|s A
|